1998 Annual book of ASTM standards; chemical-resistant materials; vitrifies clay, concrete, fiber-cement products; mortars; masonry section 4 (Record no. 550461)
[ view plain ]
| 000 -LEADER | |
|---|---|
| fixed length control field | 00474nam a22001457a 4500 |
| 022 ## - INTERNATIONAL STANDARD SERIAL NUMBER | |
| International Standard Serial Number | 0803125267 |
| 082 ## - DEWEY DECIMAL CLASSIFICATION NUMBER | |
| Classification number | 602.18 |
| Author Mark | AME |
| 100 ## - MAIN ENTRY--PERSONAL NAME | |
| Personal name | ASTM |
| 9 (RLIN) | 25089 |
| 245 ## - TITLE STATEMENT | |
| Title | 1998 Annual book of ASTM standards; chemical-resistant materials; vitrifies clay, concrete, fiber-cement products; mortars; masonry section 4 |
| 260 ## - PUBLICATION, DISTRIBUTION, ETC. | |
| Place of publication, distribution, etc. | USA: |
| Name of publisher, distributor, etc. | ASTM; |
| Date of publication, distribution, etc. | 1998 |
| 300 ## - PHYSICAL DESCRIPTION | |
| Extent | xxi, 1094 p; |
| Other physical details | ill:; |
| Dimensions | 24 cm |
| 526 ## - STUDY PROGRAM INFORMATION NOTE | |
| Program name | 0 |
| Interest level | 0 |
| Reading level | 0 |
| Title point value | 602_180000000000000_AME |
| 650 ## - SUBJECT ADDED ENTRY--TOPICAL TERM | |
| Topical term or geographic name entry element | MCE |
| 9 (RLIN) | 379 |
| 942 ## - ADDED ENTRY ELEMENTS (KOHA) | |
| Source of classification or shelving scheme | |
| Koha item type | Book |
| Withdrawn status | Lost status | Source of classification or shelving scheme | Damaged status | Not for loan | Permanent Location | Current Location | Date acquired | Total Checkouts | Full call number | Barcode | Date last seen | Price effective from | Koha item type |
|---|---|---|---|---|---|---|---|---|---|---|---|---|---|
| Military College of Engineering (MCE) | Military College of Engineering (MCE) | 11/10/2014 | 602.18 AME | MCE-43992 | 11/10/2014 | 11/10/2014 | Book |
